000
00294nam a22001337a 4500
008
170307b xxu||||| |||| 00| 0 eng d
020
_a
9781269224260
041
_a
eng
080
_a
611
100
_a
6
101
_a
SHM
245
_a
INTERGATE ANATOMY PHYSIOLOGY
_c
LOOMER.M
942
_2
udc
_c
BK
999
_c
7043
_d
7043